LEADER 01468nam0-22004091i-450- 001 990007943560403321 005 20080326101658.0 010 $a88-7802-917-3 035 $a000794356 035 $aFED01000794356 035 $a(Aleph)000794356FED01 035 $a000794356 100 $a20041105d1998----km-y0itay50------ba 101 1 $aita$ceng 102 $aIT 105 $a--------001cy 200 1 $aApprendimento organizzativo$eteoria, metodo e pratiche$fChris Argyris, Donald A. Schön$ga cura di Fulvio Carmagnola e Massimo Tomassini$gpresentazione di Francesco Forlenza$gtraduzione di Massimo Marraffa 205 $a1. ed. 210 $aMilano$cGuerini e Associati$d1998 215 $aLXXXII, 334 p.$ctab.$d23 cm 225 1 $aCompetenze, cultura, riflessioni d'impresa 320 $aContiene riferimenti bibl. (pp. 329-334) e indici 454 0$12001$aOrganizational learning II. Theory, method and practice$952575 610 0 $aOrganizzazione$aGestione$aProcessi innovativi 610 0 $aAziende$aGestione$aProcessi innovativi 676 $a658.4063$v21$zita 700 1$aArgyris,$bChris$f<1923- >$0106833 701 1$aSchön,$bDonald A.$0376044 801 0$aIT$bUNINA$gRICA$2UNIMARC 901 $aBK 912 $a990007943560403321 952 $a658.4063 ARG 1$b2444$fBFS 952 $aQ 158$b4176$fDSS 959 $aBFS 959 $aDSS 996 $aOrganizational learning II. Theory, method and practice$952575 997 $aUNINA LEADER 01112nam0 2200301 450 001 9910253558403321 005 20180208134615.0 010 $a978-88-7431-780-6 100 $a20180208d2017---- km y0itay50 ba 101 0 $aita 102 $aIT 105 $a 001yy 200 1 $a<> seicentine dell'Osservatorio astronomico di Capodimonte$fcatalogo a cura di Emilia Olostro Cirella$gintroduzione di Massimo Della Valle$gcon un saggio di Giuseppina Zappella 210 $aNapoli$cGiannini$d2017 215 $a331 p.$cill.$d24 cm 610 0 $aSeicentine$aCollezioni [dell'] Osservatorio astronomico di Capodimonte$aNapoli$aCataloghi bibliografici 676 $a016.52$v22 702 1$aZappella,$bGiuseppina 702 1$aOlostro Cirella,$bEmilia 702 1$aDella Valle,$bMassimo 710 02$aOsservatorio astronomico di Capodimonte$062520 801 0$aIT$bUNINA$gREICAT$2UNIMARC 901 $aBK 912 $a9910253558403321 952 $a13 U 02 61$b1808 / 2018$fFINBC 959 $aFINBC 996 $aSeicentine dell'Osservatorio astronomico di Capodimonte$91504190 997 $aUNINA